| 000 | 01830cam a2200385 i 4500 | ||
|---|---|---|---|
| 001 | 18406425 | ||
| 005 | 20221031102151.0 | ||
| 008 | 141215s2015 nyu b 001 0 eng | ||
| 010 | _a 2014039666 | ||
| 020 | _a9780190239152 (hardcover : alk. paper) | ||
| 020 | _a9780190239169 (pbk. : alk. paper) | ||
| 040 |
_aDLC _beng _cDLC _erda _dDLC |
||
| 042 | _apcc | ||
| 043 | _aa-ja--- | ||
| 050 | 0 | 0 |
_aD744.7.J3 _bH37 2015 |
| 082 | 0 | 0 |
_a952.04 _bHAS |
| 100 | 1 |
_aHashimoto, Akiko, _d1952- _eauthor. _9101816 |
|
| 245 | 1 | 4 |
_aThe long defeat : _bcultural trauma, memory, and identity in Japan / _cAkiko Hashimoto. |
| 264 | 1 |
_aNew York City : _bOxford University Press, _c[2015] |
|
| 300 |
_axii, 192 pages ; _c24 cm |
||
| 336 |
_atext _2rdacontent |
||
| 337 |
_aunmediated _2rdamedia |
||
| 338 |
_avolume _2rdacarrier |
||
| 504 | _aIncludes bibliographical references (pages 163-178) and index. | ||
| 505 | 0 | _aAcknowledgements -- Cultural memory in a fallen nation -- Repairing biographies and aligning family memories -- Defeat reconsidered : heroes, victims, & perpetrators in the popular media -- Pedagogies of war and peace : teaching World War II to children -- The moral recovery of defeated nations : a global-comparative look -- Notes -- Bibliography -- Index. | |
| 650 | 0 |
_aWorld War, 1939-1945 _xSocial aspects _zJapan. _9101817 |
|
| 650 | 0 |
_aCollective memory _zJapan. _9101818 |
|
| 650 | 0 |
_aNationalism and collective memory _zJapan. _9101819 |
|
| 650 | 0 |
_aGroup identity _zJapan. _9101820 |
|
| 650 | 0 |
_aNational characteristics, Japanese. _950346 |
|
| 856 | 4 | 2 |
_3Book review (H-Net) _uhttp://www.h-net.org/reviews/showrev.php?id=44265 |
| 906 |
_a7 _bcbc _corignew _d1 _eecip _f20 _gy-gencatlg |
||
| 942 |
_2ddc _cBK |
||
| 999 |
_c592119 _d592119 |
||